| 000 | 00000nam 2200000zi 4500 |
| 001 | 9.935976 |
| 003 | CaOODSP |
| 005 | 20240415150352 |
| 006 | m o d f |
| 007 | cr mn||||||||| |
| 008 | 240325s2019 nfca o f000 0 eng d |
| 040 | |aCaOODSP|beng|erda|cCaOODSP |
| 043 | |an-cn-nf|an-cn-ns |
| 086 | 1 |aCC529-6/2019E-PDF |
| 245 | 00|aMV Atlantic Vision. |
| 264 | 1|a[St. John's, N.L.] : |bMarine Atlantic = Marine Atlantique, |c[2019] |
| 300 | |a1 online resource (1 page) : |bcolour illustrations |
| 336 | |atext|btxt|2rdacontent |
| 337 | |acomputer|bc|2rdamedia |
| 338 | |aonline resource|bcr|2rdacarrier |
| 500 | |aIssued also in French under title: Le Atlantic Vision. |
| 650 | 0|aFerries|zNewfoundland and Labrador. |
| 650 | 0|aFerries|zNova Scotia. |
| 710 | 2 |aMarine Atlantic Inc., |eissuing body. |
| 775 | 08|tLe Atlantic Vision.|w(CaOODSP)9.935977 |
| 856 | 40|qPDF|s1.19 MB|uhttps://publications.gc.ca/collections/collection_2024/marineatlantique-marineatlantic/CC529-6-2019-eng.pdf |